00254nam a2200109Ia 4500008004100000100001900041245002700060260001900087260000900106546001200115999001700127170619s9999 xx 000 0 und d aSharma Ashok K 0aSemiconductor memories bNew Delhi: PHI c1997 aENGLISH c16377d16377